000 00671nam a2200241 a 4500
999 _c4059
_d4059
005 20200526124828.0
008 140313b2004 ck ||||| |||| 00| 0 spa d
040 _aCO-BoIAVH
_cCO-BoIAVH
041 _aspa
044 _ack
082 _a551.5
090 _aLB
_b03769
110 _aFederación Nacional de Cafeteros
_bCentro Nacional de Investigaciones de Café
_9103161
245 _aAnuario meteorológico cafetero 2002
260 _aChinchina
_bCenicafé
_c2004
300 _a537 p.
650 0 _aMeteorología
_9103166
650 0 _aEstadísticas
_9103167
650 0 _aAnuario
_9103168
650 0 _aCafé
_9103169
942 _cLIBRO
_2z
945 _d2004-08-13